<?xml version="1.0" encoding="UTF-8"?>
<marc:record xmlns:marc="http://www.loc.gov/MARC21/slim">
   <marc:leader>00000nam a2200000 a 4500</marc:leader>
   <marc:datafield ind1="1" ind2=" " tag="100">
      <marc:subfield code="a">Bansch, Helga</marc:subfield>
      <marc:subfield code="4">aut</marc:subfield>
      <marc:subfield code="e">Verfasser/-in</marc:subfield>
   </marc:datafield>
   <marc:datafield ind1=" " ind2=" " tag="653">
      <marc:subfield code="a">Vater</marc:subfield>
   </marc:datafield>
   <marc:datafield ind1=" " ind2=" " tag="653">
      <marc:subfield code="a">Papa</marc:subfield>
   </marc:datafield>
   <marc:datafield ind1=" " ind2=" " tag="653">
      <marc:subfield code="a">Autor &lt;Österreich&gt;</marc:subfield>
   </marc:datafield>
   <marc:datafield ind1="0" ind2="0" tag="245">
      <marc:subfield code="a">Mein lieber Papa</marc:subfield>
   </marc:datafield>
   <marc:datafield ind1=" " ind2="1" tag="264">
      <marc:subfield code="b">Jungbrunnen</marc:subfield>
      <marc:subfield code="c">2009</marc:subfield>
   </marc:datafield>
   <marc:datafield ind1="1" ind2=" " tag="520">
      <marc:subfield code="a">Ein berührendes Buch über den Wunsch, einen Vater zu haben. (ab 4) (JD) Festzustellen, dass alle anderen - sogar das Kamel in der Wüste! - einen Papa haben, tut weh. Aber sich auszudenken, welche Abenteuer der Papa auf seiner Reise erlebt, tröstet ein wenig darüber hinweg, dass es ihn in Wirklichkeit im eigenen Leben gar nicht gibt. Das Buch von Helga Bansch, die in gewohnter Manier einfühlsam und originell illustriert hat, erzählt von den Fantasien eines Kindes über die Abenteuer des sehnsüchtig gewünschten, jedoch abwesenden Vaters: seine Weltreise mit zwei Riesen, seine Künste als Zirkusclown, seine Vorliebe für Palatschinken mit Tutti-Frutti-Marmelade u.v.m. Die Trauer des Kindes und seine Hoffnung, dass der Papa wiederkommen und ein Karamellkarussell mitbringen wird, kommen durch eine behutsame Sprache zur Geltung, die den Leser diese Sehnsucht nach der unbekannten, aber das Leben doch mitbestimmenden Vaterfigur und den festen Glauben an seine Wiederkehr durch und durch spüren lässt. *bn* Verena Gangl</marc:subfield>
   </marc:datafield>
   <marc:datafield ind1=" " ind2=" " tag="020">
      <marc:subfield code="a">9783702658106</marc:subfield>
      <marc:subfield code="9">9783702658106</marc:subfield>
   </marc:datafield>
</marc:record>
